[Event "Budapest SixDays 05 IM-B"]
[Site "Budapest"]
[Date "2025.05.19"]
[Round "9"]
[White "Mahitosh, Dey"]
[Black "Nemeth, Zoltan"]
[Result "1-0"]
[WhiteElo "2240"]
[BlackElo "2177"]
[PlyCount "131"]
[EventDate "2025.05.14"]
[EventType "tourn"]
[EventRounds "9"]
[EventCountry "HUN"]
[SourceTitle "CB21_2025"]
[SourceDate "2025.05.21"]
[SourceVersion "1"]
[SourceVersionDate "2025.05.21"]
[SourceQuality "1"]

1. d4 d5 2. Nf3 c5 3. g3 cxd4 4. Bg2 Qa5+ 5. Nbd2 Nc6 6. 0-0 e5 7. Nb3 Qd8 8. e3 dxe3 9. Bxe3 d4 10. Bd2 Bd6 11. Qe2 Nge7 12. c3 dxc3 13. Bxc3 Bg4 14. Rad1 Qc7 15. Nbd2 Nd5 16. Nc4 Nxc3 17. bxc3 0-0-0 18. h3 Bxf3 19. Qxf3 Bc5 20. Qf5+ Kb8 21. Bxc6 bxc6 22. Nxe5 Bd6 23. Nc4 g6 24. Qf3 Bc5 25. Rb1+ Ka8 26. Rb5 Rd5 27. Rb2 Rf5 28. Qg2 Rd8 29. Rfb1 Rfd5 30. Kh2 h5 31. Qe4 Qd7 32. Qf4 Bd6 33. Nxd6 Rxd6 34. a4 Qc7 35. a5 R6d7 36. Qe4 Re7 37. Qf3 h4 38. a6 hxg3+ 39. Kg2 Red7 40. Rb7 Qd6 41. Qe3 Rxb7 42. Rxb7 c5 43. Qf3 Qd5 44. Qxd5 Rxd5 45. Rxf7 Kb8 46. Rb7+ Ka8 47. fxg3 Rd6 48. Rc7 Rxa6 49. Rxc5 Kb7 50. h4 Re6 51. Kf3 Kb6 52. Rc8 a5 53. Ra8 Rc6 54. Rb8+ Ka6 55. Ra8+ Kb5 56. Rb8+ Ka4 57. c4 Ka3 58. Rb5 a4 59. c5 Ka2 60. Ke4 Re6+ 61. Kd5 Re3 62. c6 Rd3+ 63. Kc4 Rxg3 64. c7 Rg1 65. Rc5 Rc1+ 66. Kb5 1-0

[Event "Budapest SixDays 05 IM-B"]
[Site "Budapest"]
[Date "2025.05.16"]
[Round "5"]
[White "Csernyik, Mark"]
[Black "Nemeth, Zoltan"]
[Result "1-0"]
[WhiteElo "2128"]
[BlackElo "2177"]
[PlyCount "47"]
[EventDate "2025.05.14"]
[EventType "tourn"]
[EventRounds "9"]
[EventCountry "HUN"]
[SourceTitle "CB21_2025"]
[SourceDate "2025.05.21"]
[SourceVersion "1"]
[SourceVersionDate "2025.05.21"]
[SourceQuality "1"]

1. e4 e5 2. Nf3 Nf6 3. d4 Nxe4 4. Bd3 d5 5. Nxe5 Nd7 6. Nc3 Nxe5 7. dxe5 Nxc3 8. bxc3 c6 9. 0-0 Be6 10. f4 Bc5+ 11. Kh1 g6 12. f5 gxf5 13. Bxf5 Qd7 14. Qh5 0-0-0 15. Bxe6 fxe6 16. Bh6 Qe8 17. Rf7 Rd7 18. Raf1 Rxf7 19. Rxf7 Qd8 20. Qg4 Re8 21. Rf1 Qa5 22. Qh5 Qd8 23. h4 Bf8 24. Qxe8 1-0

[Event "Budapest SixDays 05 IM-B"]
[Site "Budapest"]
[Date "2025.05.16"]
[Round "4"]
[White "Nemeth, Zoltan"]
[Black "Felmery, Mate"]
[Result "1/2-1/2"]
[WhiteElo "2177"]
[BlackElo "2149"]
[PlyCount "148"]
[EventDate "2025.05.14"]
[EventType "tourn"]
[EventRounds "9"]
[EventCountry "HUN"]
[SourceTitle "CB21_2025"]
[SourceDate "2025.05.21"]
[SourceVersion "1"]
[SourceVersionDate "2025.05.21"]
[SourceQuality "1"]

1. d4 Nf6 2. Nf3 d5 3. g3 c5 4. Bg2 cxd4 5. 0-0 h6 6. b3 e6 7. Bb2 Be7 8. Nbd2 0-0 9. Bxd4 Nc6 10. Bb2 b6 11. c4 Bb7 12. a3 Rc8 13. cxd5 Nxd5 14. e4 Nf6 15. Qe2 Nb8 16. Rfc1 Ba6 17. Nc4 Nbd7 18. Nfd2 Nc5 19. Bf1 Bb7 20. f3 b5 21. Ne3 a6 22. b4 Na4 23. Rxc8 Bxc8 24. Nb3 Nxb2 25. Qxb2 Qb6 26. Qd4 Bd8 27. Qxb6 Bxb6 28. Kf2 Rd8 29. Rc1 Kf8 30. Rc6 Nd7 31. Ke2 Bb7 32. Rc3 Ke7 33. Ng4 h5 34. Ne3 Ne5 35. Bg2 Nc6 36. Nc2 e5 37. Bh3 Bg1 38. Nc5 Bc8 39. Bxc8 Rxc8 40. Kf1 Bd4 41. Nxd4 Nxd4 42. Rd3 Rc6 43. Kf2 g6 44. h4 Rd6 45. Nb7 Rc6 46. Nc5 Rd6 47. Rc3 Rc6 48. Ke3 Ne6 49. Na4 Rxc3+ 50. Nxc3 Nd4 51. Nb1 Ke6 52. f4 f6 53. Kd3 Kd6 54. Nc3 Ne6 55. Ke3 Nd4 56. Nd5 Nc2+ 57. Kd3 Nxa3 58. Nxf6 Nc4 59. f5 gxf5 60. exf5 a5 61. bxa5 Nxa5 62. Nxh5 b4 63. Nf6 b3 64. h5 Ke7 65. Nd5+ Kf7 66. g4 Nc6 67. Kc3 Nd4 68. h6 Kg8 69. Ne7+ Kh7 70. f6 Kxh6 71. g5+ Kxg5 72. f7 Ne6 73. Kxb3 Kf6 74. Nc6 Kxf7 1/2-1/2

[Event "WchT Seniors 65"]
[Site "Prague"]
[Date "2025.02.23"]
[Round "6.18"]
[White "Nemeth, Zoltan"]
[Black "Van Egmond, Rogier M"]
[Result "1-0"]
[WhiteElo "2192"]
[BlackElo "2057"]
[PlyCount "99"]
[EventDate "2025.02.17"]
[EventType "team-swiss"]
[EventRounds "9"]
[EventCountry "CZE"]
[SourceTitle "CB09_2025"]
[SourceDate "2025.02.27"]
[SourceVersion "1"]
[SourceVersionDate "2025.02.27"]
[SourceQuality "1"]
[WhiteTeam "Hungary 65"]
[BlackTeam "Netherlands Orange 65"]
[WhiteTeamCountry "HUN"]
[BlackTeamCountry "NED"]

1. b3 d5 2. Bb2 Nf6 3. Nf3 g6 4. c4 c6 5. cxd5 cxd5 6. Bxf6 exf6 7. e3 Bg7 8. d4 0-0 9. Be2 Nc6 10. 0-0 f5 11. Nc3 Be6 12. Qd2 Qe7 13. Rac1 Rfc8 14. Ne1 f4 15. Bf3 fxe3 16. fxe3 Qg5 17. Nc2 Ne7 18. Rf2 Bh6 19. Re1 Rd8 20. g3 Rac8 21. Bg2 Rd7 22. Ne2 Rdc7 23. h4 Qh5 24. Na3 Nf5 25. Bf3 Bxe3 26. Qxe3 Nxe3 27. Bxh5 gxh5 28. Nf4 Rc1 29. Rfe2 Rxe1+ 30. Rxe1 Nf5 31. Nxe6 Re8 32. Re5 fxe6 33. Nb5 Ng7 34. Nc7 Rc8 35. Nxe6 Nxe6 36. Rxe6 Rc1+ 37. Kf2 Rc2+ 38. Ke3 Rxa2 39. Re7 b6 40. Kf4 Ra3 41. Ke5 a5 42. Kf6 Kf8 43. Rb7 Ke8 44. Ke6 Kf8 45. Rxb6 a4 46. bxa4 Rxa4 47. Kxd5 Kg7 48. Rb3 Kf6 49. Rf3+ Ke7 50. Rf5 1-0

[Event "WchT Seniors 65"]
[Site "Prague"]
[Date "2025.02.21"]
[Round "5.34"]
[White "Nemeth, Zoltan"]
[Black "Dovzhenko, Viktor"]
[Result "1-0"]
[WhiteElo "2192"]
[BlackElo "2058"]
[PlyCount "215"]
[EventDate "2025.02.17"]
[EventType "team-swiss"]
[EventRounds "9"]
[EventCountry "CZE"]
[SourceTitle "CB09_2025"]
[SourceDate "2025.02.27"]
[SourceVersion "1"]
[SourceVersionDate "2025.02.27"]
[SourceQuality "1"]
[WhiteTeam "Hungary 65"]
[BlackTeam "Ukraine 65"]
[WhiteTeamCountry "HUN"]
[BlackTeamCountry "UKR"]

1. Nf3 d6 2. d4 Bg4 3. g3 c6 4. Bg2 Nd7 5. h3 Bh5 6. c4 e5 7. Nc3 Be7 8. 0-0 Ngf6 9. e4 0-0 10. Be3 Re8 11. g4 Bg6 12. Nh4 a6 13. f4 exf4 14. Bxf4 b5 15. e5 dxe5 16. dxe5 Nxg4 17. Nxg6 Bc5+ 18. Kh1 Nf2+ 19. Rxf2 Bxf2 20. Bxc6 Ra7 21. Ne4 hxg6 22. Nxf2 Qb6 23. Bxd7 Qb7+ 24. Kg1 Qxd7 25. Qxd7 Rxd7 26. cxb5 axb5 27. Rd1 Rxd1+ 28. Nxd1 g5 29. Bxg5 Rxe5 30. Be3 b4 31. Kf1 f5 32. Bd2 Re4 33. Nf2 Rh4 34. b3 Kf7 35. Bg5 Rh8 36. Bd2 Rh4 37. Kg2 Rd4 38. Be3 Rd5 39. Kf3 Ra5 40. Nd3 Rxa2 41. Nxb4 Rb2 42. Nc6 Rxb3 43. Nd4 Ra3 44. Nxf5 Kf6 45. Kg4 g6 46. Bd4+ Ke6 47. Nh4 Ra4 48. Nf3 Kd5 49. Kf4 Rc4 50. Kg5 Ra4 51. Bf6 Ra3 52. Kg4 Ke6 53. Bd4 Ra4 54. Kf4 Kd5 55. Kg4 Rc4 56. Kg5 Ra4 57. Bg7 Ra3 58. Kf4 Ke6 59. h4 Kf7 60. Bb2 Rb3 61. Ne5+ Ke6 62. Bd4 Kd5 63. Nf3 Rb4 64. Kg5 Ke4 65. Kg4 Rb5 66. Bg7 Rf5 67. Ne5 Rf1 68. Kg5 Rg1+ 69. Kf6 Kf4 70. Bh6+ Ke4 71. Nxg6 Rb1 72. Bf4 Rb6+ 73. Kg5 Rb5+ 74. Be5 Rb1 75. Kg4 Kd5 76. Kf5 Rh1 77. Nf4+ Kc6 78. h5 Kd7 79. Kf6 Ke8 80. Kg7 Ke7 81. h6 Rxh6 82. Kxh6 Kd7 83. Kg6 Kc6 84. Kf5 Kd7 85. Ke4 Kc6 86. Kd4 Kd7 87. Kd5 Ke7 88. Kc6 Kd8 89. Kd6 Kc8 90. Nd5 Kb7 91. Kd7 Ka7 92. Kc6 Ka8 93. Nb6+ Ka7 94. Bf4 Ka6 95. Bb8 Ka5 96. Nd5 Ka6 97. Nb4+ Ka5 98. Kc5 Ka4 99. Kc4 Ka5 100. Bc7+ Ka4 101. Bd8 Ka3 102. Nd3 Ka4 103. Nb2+ Ka3 104. Kc3 Ka2 105. Nc4 Kb1 106. Bg5 Ka2 107. Kb4 Kb1 108. Kb3 1-0

[Event "Budapest SixDays 11 IM-B"]
[Site "Budapest"]
[Date "2024.11.26"]
[Round "7"]
[White "Pap, Misa"]
[Black "Nemeth, Zoltan"]
[Result "1-0"]
[WhiteElo "2401"]
[BlackElo "2197"]
[PlyCount "59"]
[EventDate "2024.11.22"]
[EventType "tourn"]
[EventRounds "9"]
[EventCountry "HUN"]
[EventCategory "1"]
[SourceTitle "CB49_2024"]
[SourceDate "2024.12.04"]
[SourceVersion "1"]
[SourceVersionDate "2024.12.04"]
[SourceQuality "1"]

1. e4 e5 2. Nf3 Nf6 3. Nxe5 d6 4. Nf3 Nxe4 5. Nc3 Nxc3 6. dxc3 Be7 7. Be3 Nc6 8. Qd2 Be6 9. 0-0-0 Qd7 10. b3 Bf6 11. h4 h6 12. Nd4 Nxd4 13. Bxd4 Bxd4 14. Qxd4 0-0 15. Rg1 Qc6 16. g4 Qc5 17. Qd2 a5 18. Kb2 b5 19. Rg3 b4 20. f4 f5 21. g5 hxg5 22. hxg5 g6 23. Qh2 a4 24. cxb4 Qxb4 25. Qh6 Kf7 26. Qh7+ Ke8 27. Re3 Kd8 28. Rxe6 a3+ 29. Kb1 Kc8 30. Qg7 1-0

[Event "EU-chT Seniors 65"]
[Site "Terme Catez"]
[Date "2024.05.13"]
[Round "7.1"]
[White "Nemeth, Zoltan"]
[Black "Knaak, Rainer"]
[Result "1/2-1/2"]
[WhiteElo "2208"]
[BlackElo "2441"]
[PlyCount "149"]
[EventDate "2024.05.07"]
[EventType "team-swiss"]
[EventRounds "9"]
[EventCountry "SLO"]
[SourceTitle "CBM 220 Extra"]
[Source "ChessBase"]
[SourceDate "2024.07.31"]
[SourceVersion "1"]
[SourceVersionDate "2024.07.31"]
[SourceQuality "1"]
[WhiteTeam "Hungary 65"]
[BlackTeam "Germany 65"]
[WhiteTeamCountry "HUN"]
[BlackTeamCountry "GER"]

1. e4 e5 2. Nf3 Nc6 3. Bc4 Bc5 4. d3 Nf6 5. Nc3 a6 6. a3 d6 7. h3 Be6 8. Bxe6 fxe6 9. Be3 Nd4 10. Bxd4 exd4 11. Ne2 e5 12. 0-0 Bb6 13. c3 dxc3 14. Nxc3 Qe7 15. Qa4+ Qd7 16. Qxd7+ Kxd7 17. g3 c6 18. Kg2 Rhf8 19. Rad1 Rae8 20. Rfe1 Kc7 21. d4 Nd7 22. Re2 Re7 23. dxe5 dxe5 24. Ne1 Nc5 25. Rc2 Kb8 26. b4 Ne6 27. Na4 Ba7 28. Nc5 Nxc5 29. bxc5 Kc7 30. Rd3 Rd8 31. Rxd8 Kxd8 32. Nd3 Kc7 33. Rc4 a5 34. Kf1 b6 35. cxb6+ Kxb6 36. a4 Kc7 37. f4 exf4 38. gxf4 Kd6 39. Ne5 c5 40. Rc2 g5 41. Ke2 gxf4 42. Nc4+ Ke6 43. Kf3 Rd7 44. Kxf4 Bb8+ 45. Ke3 Rd4 46. Nxa5 Rxa4 47. Nc4 Bc7 48. Kf3 Rb4 49. Rc3 Bd8 50. Ne3 Rb5 51. Ra3 Ke5 52. Rd3 Be7 53. Rd5+ Ke6 54. Rh5 Rb3 55. Ke2 h6 56. Rxh6+ Ke5 57. Nd5 Bd8 58. Rh8 Ba5 59. Ne3 Kd4 60. Nc2+ Kxe4 61. Rh4+ Kd5 62. Ne3+ Kc6 63. Re4 Kb5 64. h4 Rb2+ 65. Kf3 Rh2 66. Nc4 Bd8 67. Kg3 Rh1 68. Kg2 Rxh4 69. Na3+ Ka5 70. Nc4+ Kb4 71. Nd6+ Rxe4 72. Nxe4 c4 73. Kf3 Ba5 74. Ke2 Kb3 75. Nd6 1/2-1/2

[Event "HUN-chT1 Maroczy 2324"]
[Site "Hungary"]
[Date "2024.04.21"]
[Round "10.2"]
[White "Nemeth, Zoltan"]
[Black "Varga, Peter"]
[Result "1/2-1/2"]
[WhiteElo "2196"]
[BlackElo "2366"]
[PlyCount "23"]
[EventDate "2023.10.08"]
[EventType "team-tourn"]
[EventRounds "11"]
[EventCountry "HUN"]
[SourceTitle "EXT 2025"]
[Source "ChessBase"]
[SourceDate "2024.10.14"]
[SourceVersion "1"]
[SourceVersionDate "2024.10.14"]
[SourceQuality "1"]
[WhiteTeam "Magyar Sakkvilag"]
[BlackTeam "NYVSC"]
[WhiteTeamCountry "HUN"]
[BlackTeamCountry "HUN"]

1. d4 d5 2. c4 c6 3. cxd5 cxd5 4. Nc3 Nf6 5. Bf4 Nc6 6. e3 a6 7. a3 Bf5 8. Bd3 Bxd3 9. Qxd3 e6 10. Nf3 Bd6 11. Bxd6 Qxd6 12. 0-0 1/2-1/2

[Event "Budapest One Week IM-B 02"]
[Site "Budapest"]
[Date "2024.02.28"]
[Round "5"]
[White "Nemeth, Zoltan"]
[Black "Matyassy, Lazar"]
[Result "1/2-1/2"]
[WhiteElo "2199"]
[BlackElo "2176"]
[PlyCount "108"]
[EventDate "2024.02.26"]
[EventType "tourn"]
[EventRounds "9"]
[EventCountry "HUN"]
[EventCategory "1"]
[SourceTitle "CBM 219 Extra"]
[Source "ChessBase"]
[SourceDate "2024.05.31"]
[SourceVersion "1"]
[SourceVersionDate "2024.05.31"]
[SourceQuality "1"]

1. d4 Nf6 2. c4 e6 3. Nc3 Bb4 4. Bd2 0-0 5. Qc2 c5 6. Nf3 cxd4 7. Nxd4 Nc6 8. e3 Nxd4 9. exd4 d5 10. a3 Bxc3 11. bxc3 Ne4 12. Bd3 Nxd2 13. Qxd2 dxc4 14. Bxc4 b6 15. 0-0 Bb7 16. Rfe1 Rc8 17. Bd3 g6 18. Re3 Qg5 19. Bf1 Bd5 20. a4 Bc4 21. Bxc4 Rxc4 22. Qe1 Rfc8 23. a5 bxa5 24. h4 Qd5 25. Re5 Qd6 26. Rexa5 Rxc3 27. Qe5 Rc1+ 28. Rxc1 Rxc1+ 29. Kh2 Qxe5+ 30. dxe5 Rc7 31. Kg3 h6 32. Kf4 Kg7 33. g4 Rc4+ 34. Kg3 Rc7 35. h5 g5 36. f3 Rb7 37. Kf2 Rb3 38. Ke2 a6 39. Kf2 Rb5 40. Rxa6 Rxe5 41. Ra8 Rb5 42. Ke3 Rb4 43. Rc8 Rf4 44. Re8 Ra4 45. Rb8 Ra1 46. Kf2 Ra3 47. Re8 Kf6 48. Rh8 Kg7 49. Re8 Ra4 50. Ke2 f5 51. Rxe6 fxg4 52. fxg4 Rxg4 53. Re7+ Kg8 54. Re6 Kg7 1/2-1/2

[Event "Budapest SixDays 01 IM-B"]
[Site "Budapest"]
[Date "2024.01.30"]
[Round "6"]
[White "Ihnat, Marek1"]
[Black "Nemeth, Zoltan"]
[Result "0-1"]
[WhiteElo "2111"]
[BlackElo "2194"]
[PlyCount "124"]
[EventDate "2024.01.27"]
[EventType "tourn"]
[EventRounds "9"]
[EventCountry "HUN"]
[SourceTitle "CBM 218 Extra"]
[Source "ChessBase"]
[SourceDate "2024.03.31"]
[SourceVersion "1"]
[SourceVersionDate "2024.03.31"]
[SourceQuality "1"]

1. e4 e5 2. Nf3 Nf6 3. Nxe5 d6 4. Nf3 Nxe4 5. Nc3 Nxc3 6. dxc3 Be7 7. Bf4 Nd7 8. Qd2 Nc5 9. 0-0-0 Bg4 10. Kb1 Qd7 11. Be3 a6 12. Be2 0-0-0 13. h3 Be6 14. Nd4 Ne4 15. Qd3 Nc5 16. Qd2 Ne4 17. Qe1 c5 18. Nxe6 Qxe6 19. f3 Nf6 20. Qf2 Nd5 21. Bc1 Bf6 22. f4 Ne7 23. Bg4 Nf5 24. Rhe1 Qd7 25. Rd5 g6 26. Red1 Qe6 27. Bf3 Rhe8 28. R5d3 Bh4 29. Qg1 Kc7 30. Bd5 Qf6 31. g4 Ne7 32. g5 Qf5 33. Bf3 h5 34. gxh6 Rh8 35. Qg2 Nc6 36. Rd5 Qf6 37. f5 g5 38. Be3 Rxh6 39. Bg1 Ne7 40. R5d2 Qxf5 41. Bxb7 Rb8 42. Bh2 Rxb7 43. Bxd6+ Kb6 44. Bxe7 Rxe7 45. a4 Qe4 46. Qh2 Qf4 47. Qg2 Rc6 48. Qd5 Re1 49. Qd8+ Qc7 50. Qd5 Rxd1+ 51. Rxd1 f6 52. Qb3+ Ka7 53. Qg8 Rd6 54. Rf1 Bg3 55. Qc4 Be5 56. h4 gxh4 57. Qxh4 Qd7 58. Qh5 Qxa4 59. Qf7+ Rd7 60. Qf8 Qb5 61. Rg1 Bxc3 62. b3 Qa5 0-1

[Event "Budapest SixDays 01 IM-B"]
[Site "Budapest"]
[Date "2024.01.28"]
[Round "3"]
[White "Nemeth, Zoltan"]
[Black "Varadi, Viktor"]
[Result "1/2-1/2"]
[WhiteElo "2194"]
[BlackElo "2368"]
[PlyCount "22"]
[EventDate "2024.01.27"]
[EventType "tourn"]
[EventRounds "9"]
[EventCountry "HUN"]
[SourceTitle "CBM 218 Extra"]
[Source "ChessBase"]
[SourceDate "2024.03.31"]
[SourceVersion "1"]
[SourceVersionDate "2024.03.31"]
[SourceQuality "1"]

1. d4 f5 2. g3 Nf6 3. Bg2 g6 4. Nf3 Bg7 5. 0-0 0-0 6. c4 d6 7. Nc3 Nc6 8. d5 Na5 9. Qd3 e5 10. e4 fxe4 11. Nxe4 Nxe4 1/2-1/2

[Event "Budapest FS12 IM"]
[Site "Budapest"]
[Date "2023.12.04"]
[Round "3"]
[White "Hansen, Soren Bech"]
[Black "Nemeth, Zoltan"]
[Result "1/2-1/2"]
[WhiteElo "2204"]
[BlackElo "2194"]
[PlyCount "57"]
[EventDate "2023.12.02"]
[EventType "tourn"]
[EventRounds "9"]
[EventCountry "HUN"]
[SourceTitle "CBM 217 Extra"]
[Source "ChessBase"]
[SourceDate "2024.01.31"]
[SourceVersion "1"]
[SourceVersionDate "2024.01.31"]
[SourceQuality "1"]

1. e4 e5 2. Bc4 Nf6 3. d3 c6 4. Nf3 d5 5. Bb3 Bd6 6. exd5 cxd5 7. Nc3 Be6 8. Bg5 d4 9. Ne4 Be7 10. Bxe6 fxe6 11. 0-0 Nxe4 12. Bxe7 Qxe7 13. dxe4 Nc6 14. Ne1 0-0 15. Nd3 Qd6 16. Qh5 Rf6 17. f4 exf4 18. e5 Qd5 19. Nxf4 Qxe5 20. Qxe5 Nxe5 21. Rae1 g5 22. Rxe5 gxf4 23. Re4 Rc8 24. Rf2 d3 25. cxd3 Rc1+ 26. Rf1 Rc2 27. Rf2 Rc1+ 28. Rf1 Rc2 29. Rf2 1/2-1/2